Statistieken voor Landen van de Wereld door eerste 2 letters

Klik hier om de quiz te nemen!

Algemene statistieken

  • Deze quiz is 348 keer genomen
  • De gemiddelde score is 173 van 196

Antwoorden op de kaart

Antwoorden kleurgecodeerd door een groen-rode schaal op de quizkaart volgens % correct hieronder.
 

Antwoordstatistieken

Antwoord% Correct
Venezuela
98%
Verenigde Arabische Emiraten
98%
Verenigde Staten
98%
Verenigd Koninkrijk
98%
Noord-Macedonië
97%
Nederland
96%
Nepal
96%
Rusland
96%
België
95%
Belize
95%
Benin
95%
Cambodja
95%
Canada
95%
Chili
95%
China
95%
Portugal
95%
Madagaskar
95%
Malawi
95%
Malediven
95%
Maleisië
95%
Mali
95%
Malta
95%
Marokko
95%
Marshalleilanden
95%
Mauritanië
95%
Mauritius
95%
Noord-Korea
95%
Noorwegen
95%
Polen
95%
Zweden
95%
Zwitserland
95%
Brazilië
94%
Brunei
94%
Duitsland
94%
Mexico
94%
Moldavië
94%
Monaco
94%
Mongolië
94%
Montenegro
94%
Mozambique
94%
Nicaragua
94%
Nieuw-Zeeland
94%
Niger
94%
Nigeria
94%
Oeganda
94%
Oekraïne
94%
Oezbekistan
94%
Argentinië
93%
Armenië
93%
Fiji
93%
Filipijnen
93%
Finland
93%
Frankrijk
93%
Italië
93%
Jamaica
93%
Japan
93%
Spanje
93%
Zuid-Afrika
93%
Zuid-Korea
93%
Zuid-Soedan
93%
Bolivia
92%
Bosnië en Herzegovina
92%
Botswana
92%
Burkina Faso
92%
Burundi
92%
Myanmar
92%
Saint Kitts en Nevis
92%
Saint Lucia
92%
Saint Vincent en de Grenadines
92%
Salomonseilanden
92%
Samoa
92%
Saoedi-Arabië
92%
Albanië
91%
Algerije
91%
Australië
91%
Bulgarije
91%
Colombia
91%
Comoren
91%
Congo-Brazzaville
91%
Congo-Kinshasa
91%
Costa Rica
91%
Egypte
91%
Honduras
91%
Hongarije
91%
India
91%
Indonesië
91%
Kaapverdië
91%
Kameroen
91%
Kazachstan
91%
Libanon
91%
Liberia
91%
Libië
91%
Liechtenstein
91%
Litouwen
91%
Oostenrijk
91%
Pakistan
91%
Papoea-Nieuw-Guinea
91%
Paraguay
91%
San Marino
91%
Sao Tomé en Principe
91%
Tunesië
91%
Turkije
91%
Turkmenistan
91%
Tuvalu
91%
Andorra
90%
Angola
90%
Antigua en Barbuda
90%
Oost-Timor
90%
Palau
90%
Palestina
90%
Panama
90%
Slovenië
90%
Swaziland
90%
Koeweit
89%
Roemenië
89%
Senegal
89%
Servië
89%
Seychellen
89%
Slowakije
89%
Bahamas
88%
Bahrein
88%
Bangladesh
88%
Barbados
88%
Estland
88%
Kosovo
88%
Lesotho
88%
Letland
88%
Soedan
88%
Somalië
88%
Tadzjikistan
88%
Tanzania
88%
Tsjaad
88%
Tsjechië
88%
Wit-Rusland
88%
Grenada
87%
Irak
87%
Iran
87%
Afghanistan
86%
Griekenland
86%
Guatemala
86%
Guinee
86%
Guinee-Bissau
86%
Guyana
86%
Suriname
86%
Denemarken
85%
Kroatië
84%
Sri Lanka
84%
Kenia
83%
Luxemburg
83%
Namibië
83%
Nauru
83%
Centraal-Afrikaanse Republiek
82%
Azerbeidzjan
81%
Eritrea
81%
Gabon
81%
Gambia
81%
Kirgizië
81%
Kiribati
81%
Peru
81%
Sierra Leone
81%
Singapore
81%
Vanuatu
81%
Vaticaanstad
81%
Zimbabwe
81%
Georgië
80%
Jemen
80%
Togo
80%
Tonga
80%
Cuba
79%
Dominica
79%
Dominicaanse Republiek
79%
Ethiopië
79%
Ierland
79%
Uruguay
79%
Zambia
79%
Ghana
78%
Israël
78%
Oman
78%
Ecuador
76%
Haïti
76%
IJsland
76%
Laos
76%
Syrië
76%
Thailand
76%
Vietnam
76%
Cyprus
75%
El Salvador
75%
Micronesië
75%
Ivoorkust
74%
Jordanië
74%
Bhutan
73%
Qatar
72%
Equatoriaal-Guinea
71%
Djibouti
68%
Rwanda
68%
Trinidad en Tobago
64%

Scoreverdeling

Percentiel versus Aantal Correcte Antwoorden

Procent van Mensen met Elke Score

Uw Scoregeschiedenis

U heeft deze quiz nog niet genomen